000 00512pam a2200205 a 4500
999 _c41217
_d41217
003 OSt
005 20210908135551.0
008 210908b ||||| |||| 00| 0 eng d
020 _a9789332575585
040 _cOCLC
082 0 0 _a150.287
_bANA/P
100 1 _aAnastasi, Anne,
245 1 0 _aPsychological testing /
250 _a7th ed.
260 _aChennai :
_bPearson India,
_c2020.
300 _axiii, 628 p. :
_bill. ;
650 0 _aPsychological tests.
700 1 _aUrbina, Susana,
942 _cBK
_2ddc